| 000 | 00415 a2200157 4500 | ||
|---|---|---|---|
| 005 | 20250628045632.0 | ||
| 020 | _a978-=-07-296057-0 | ||
| 082 | _a346.73 BRO | ||
| 100 | _aBROWN, W. G | ||
| 245 | _aBusiness Law: With UCC Applications | ||
| 250 | _a11th Ed. | ||
| 260 |
_aBoston _bMcGraw-Hill Irwin _c2006. |
||
| 300 |
_aix,970p.: ill.; figures _bIndex, Glossary _c25cm |
||
| 700 | _aPaul A. Sukys | ||
| 942 |
_2ddc _cBKS |
||
| 999 |
_c5787 _d5787 |
||